000 00490nam a2200181Ia 4500
005 20250923144416.0
008 008 250917s9999 xx 000 0 eng d
037 _aTextual
040 _aDSWL
_beng
_cDSWL
041 _aeng
_2eng
084 _aT:83, F2
_qDSWL
100 _aThomas, F.W
_9824596
245 0 _aTraning for effective study
_cby F.W Thomas
260 _aNew York
_c1922
300 _a251 p.
942 _cTEXL
_hT:83, F2
999 _c1438483
_d1438483